Word to Language - Statistics

General Stats
  • This quiz has been taken 16 times
  • The average score is 6 of 15
Answer Stats
Hint Answer % Correct
“Tree” in German Baum
88%
“Four” in Dutch Vier
75%
“Sand” in Portuguese Areia
63%
“Mountain” in Maori Maunga
56%
“Carrot” in Spanish Zanahoria
56%
“Flag” in Japanese Hata
44%
“Autumn” in Swedish Höst
44%
“Sun” in Basque Eguzki
38%
“River” in Turkish Nehir
31%
“Eagle” in Finnish Kotka
25%
“Water” in Korean Mul
25%
“Nose” in Hungarian” Orr
25%
“Copper” in Italian Rame
25%
“Duck” in Czech Kachna
19%
“Ghost” in Tagalog Multo
13%
No matching quizzes found
Score Distribution
Percent of People with Each Score
Percentile by Number Answered
Your Score History
You have not taken this quiz